| 000 | 00000cam 2200000zi 4500 |
| 001 | 9.962752 |
| 003 | CaOODSP |
| 005 | 20260513105956 |
| 006 | m o d f |
| 007 | cr mn||||||||| |
| 008 | 260513s1984 mbc o f000 0 fre d |
| 040 | |aCaOODSP|bfre|erda|cCaOODSP |
| 043 | |an-cn-mb |
| 086 | 1 |aJS4-1/1984-64F-PDF |
| 100 | 1 |aBrickey, Stephen L., |d1948- |eauteur. |
| 245 | 10|aProgramme d'aide aux victimes et témoins d'actes criminels de Winnipeg phase de planification / |cStephen L. Brickey. |
| 264 | 1|aWinnipeg, Manitoba : |bMinistère du Solliciteur général du Canada, Secrétariat, Direction des programmes, |c1984. |
| 300 | |a1 ressource en ligne (92 pages). |
| 336 | |atexte|btxt|2rdacontent/fre |
| 337 | |ainformatique|bc|2rdamedia/fre |
| 338 | |aressource en ligne|bcr|2rdacarrier/fre |
| 490 | 1 |aDirection des programmes - rapport pour spécialistes ; |vno. 1984-64 |
| 500 | |aÉdition numérisée de l'imprimée [par Sécurité publique Canada]. |
| 500 | |aPublié aussi en anglais sous le titre : Winnipeg victim/witness assistance program : background report. |
| 500 | |a« Ce document de travail est présenté tel qu'il a été soumis au Ministère. Les opinions qu'il renferm sont celles d'auteur et ne représentent pas nécessairement le point de vue du Ministère du Solliciteur général du Canada. » |
| 520 | |a« Le présent rapport est une étude des besoins des victimes et témoins d'actes criminels dans la ville de Winnipeg. Grâce à des entrevues et questionnaires semi-structurés, on a rassemblé des données sur la nature et l'étendue de ces besoins. Après avoir décrit les divers types de besoins qu'éprouvent les victimes et témoins, l'auteur formule certaines propositions sur la façon dont pourrait y répondre un programme d'aide aux victimes et témoins d'actes criminels » -- Sommaire, page 3. |
| 650 | 6|aVictimes d'actes criminels|xEnquêtes|zManitoba|zWinnipeg. |
| 650 | 6|aTémoins|xServices|zManitoba|zWinnipeg. |
| 710 | 1 |aCanada. |bSolliciteur général Canada.|bDirection des programmes, |eorganisme de publication. |
| 775 | 08|tWinnipeg victim/witness assistance program : |w(CaOODSP)9.962749 |
| 830 | #0|aRapport pour spécialistes (Canada. Solliciteur général Canada)|vno. 1984-64.|w(CaOODSP)9.808484 |
| 856 | 40|qPDF|s3.26 Mo|uhttps://publications.gc.ca/collections/collection_2026/sp-ps/js4-1/JS4-1-1984-64-fra.pdf |